Ohodnocovanie podnikov pre fúzie a akvizície
Porovnávacia metóda ohodnocovania podnikov. Výhody a nevýhody použitia porovnávacej metódy pri odhade hodnoty spoločnosti/akcie. Výber vzorových podnikov a cenových násobkov. Odporúčané hľadiská porovnateľnosti podnikov. Najčastejšie, v odbornej literatúre sa vyskytujúce, cenové násobky. Prehľad naj...
Enregistré dans:
| Auteur principal: | |
|---|---|
| Format: | Chapitre de livre |
| Langue: | slovaque |
| Sujets: | |
| Tags: |
Pas de tags, Soyez le premier à ajouter un tag!
|
MARC
| LEADER | 00000nla a2200000 4500 | ||
|---|---|---|---|
| 001 | 0247789 | ||
| 005 | 20240502083701.5 | ||
| 041 | 0 | |a slo | |
| 044 | |a CZ | ||
| 245 | 1 | 0 | |a Ohodnocovanie podnikov pre fúzie a akvizície |c Božena Hrvoľová |
| 520 | |a Porovnávacia metóda ohodnocovania podnikov. Výhody a nevýhody použitia porovnávacej metódy pri odhade hodnoty spoločnosti/akcie. Výber vzorových podnikov a cenových násobkov. Odporúčané hľadiská porovnateľnosti podnikov. Najčastejšie, v odbornej literatúre sa vyskytujúce, cenové násobky. Prehľad najpoužívanejších modelov ohodnocovania majetku podnikov. | ||
| 610 | 2 | 0 | |a ohodnocovanie podniku |
| 610 | 2 | 0 | |a majetok |
| 610 | 2 | 0 | |a metódy ohodnocovania |
| 610 | 2 | 0 | |a odhady |
| 610 | 2 | 0 | |a výnosy |
| 610 | 2 | 0 | |a ukazovateľ EVA |
| 610 | 2 | 0 | |a cash flow |
| 610 | 2 | 0 | |a fúzie |
| 610 | 2 | 0 | |a akvizícia |
| 100 | 1 | |a Hrvoľová, Božena | |